000
00225nam a22000857a 4500
008
160817b xxu||||| |||| 00| 0 eng d
100
_9
165
_a
Irala N
245
_a
Achieving peace of Heart
260
_a
New York
_b
Joseph F. Wagner
_c
1969
999
_c
2823
_d
2823